| 000 | 00529nam a2200193Ia 4500 | ||
|---|---|---|---|
| 005 | 20250820153421.0 | ||
| 008 | 008 250516s9999 xx 000 0 hin d | ||
| 020 | _a9789357752312 | ||
| 040 |
_beng _cSDCL |
||
| 041 |
_ahin _2hin |
||
| 084 | _aO152,6M69x, R3 | ||
| 100 |
_aSokhta _9810005 |
||
| 245 | 0 | _aMahatma Gandhi Ki Vasiyat | |
| 246 | _aमहात्मा गाँधी की वसीयत | ||
| 260 |
_aNew Delhi: _bVani Prakashan, _c2023. |
||
| 300 | _a151p. | ||
| 650 | _aHindi | ||
| 942 |
_cTEXL _2CC |
||
| 999 |
_c1430431 _d1430431 |
||